Statistics for 2022 Winter Olympics Flag Bearers by Country

Click here to take the quiz!

General Stats

  • This quiz has been taken 13 times
  • The average score is 43 of 90

Answer Stats

FlagbearerBirthplaceCountry% Correct
Brendan Kerry | Laura PeelSydney | CanberraAustralia
100%
Kelly Sildaru | Martin HimmaTallinn | TamsaluEstonia
92%
Francesco Friedrich | Claudia PechsteinPirna | BerlinGermany
92%
Kristrún Guðnadóttir | Sturla Snær SnorrasonAkureyri | ReykjavíkIceland
92%
Atefeh Ahmadi | Hossein Saveh-Shemshaki(not listed) | TehranIran
92%
Arisa Go | Akito WatabeObihiro | HakubaJapan
92%
Arnaud AlessandriaMonte CarloMonaco
92%
Ana Cvetanovska | Dardan DehariSkopje | TetovoNorth Macedonia
92%
Kjetil Jansrud | Kristin SkaslienStavanger | TrondheimNorway
92%
Ignat Golovatsiuk | Hanna NifantavaBabruysk | MinskBelarus
83%
Elvedina Muzaferija | Mirza NikolajevVisoko | SarajevoBosnia and Herzegovina
83%
Dominique Ohaco | Henrik von AppenSantiagoChile
83%
Huang Yu-ting | Ho Ping-juiKaohsiung | TaipeiChinese Taipei
83%
Elsa Desmond | Brendan NewbyBuckingham* | CorkIreland
83%
Elīza Tīruma | Lauris DārziņšSigulda | RigaLatvia
83%
Matthieu Osch | Gwyneth ten RaaLuxembourgLuxembourg
83%
Alice Robinson | Finn BilousSydney* | WānakaNew Zealand
83%
Kim A-lang | Kwak Yoon-gyJeonju | SeoulSouth Korea
83%
Jaqueline Mourão | Edson BindilattiBelo Horizonte | CamamuBrazil
75%
Alena Mills | Michal BřezinaKutná Hora | BrnoCzech Republic
75%
Eve Muirhead | Dave RydingPerth | BrethertonGreat Britain
75%
Manon Ouaiss | Cesar ArnoukBeirut | TripoliLebanon
75%
Aleksandra Król | Zbigniew BródkaZakopane | GłownoPoland
75%
Matteo Gatti | Anna TorsaniSan Marino | Borgo MaggioreSan Marino
75%
Ilka Štuhec | Rok MargučSlovenj Gradec | CeljeSlovenia
75%
Julia Dujmovits | Benjamin MaierGüssing | Hall in TirolAustria
67%
Loena Hendrickx | Armand MarchantTurnhout | LiègeBelgium
67%
Zrinka Ljutić | Marko SkenderZagreb | RijekaCroatia
67%
Yianno KouyoumdjianNicosiaCyprus
67%
Nino Tsiklauri | Morisi KvitelashviliTbilisi | Moscow*Georgia
67%
Apostolos Angelis | Maria NtanouIoannina | VeriaGreece
67%
Sidney ChuHong KongHong Kong
67%
Deividas Kizala | Paulina RamanauskaitėKaunasLithuania
67%
Eldar Salihović | Jelena VujicicPljevljaMontenegro
67%
Lindsay van Zundert | Kjeld NuisEtten-Leur | LeidenNetherlands
67%
Maeva EstevezEncampAndorra
58%
Laura Gómez | Carlos Andres QuintanaEl Carmen de Viboral | PereiraColombia
58%
Marek Hrivík | Katarína ŠimoňákováČadca | Spišská Nová VesSlovakia
58%
Oliwer Magnusson | Emma NordinÖstersund | ÖrnsköldsvikSweden
58%
Oleksandr Abramenko | Oleksandra NazarovaPervomaiskyi | KharkivUkraine
58%
Brittany Bowe | John ShusterOcala | ChisholmUnited States
58%
Zhao Dan | Gao TingyuHoringer | YichunChina
50%
Valtteri FilppulaVantaaFinland
50%
Madeleine Dupont | Frans NielsenGlostrup | HerningDenmark
42%
Tessa Worley | Kevin RollandAnnemasse | Bourg-Saint-MauriceFrance
42%
Arif KhanGulmargIndia
42%
Michela MoioliAlzano LombardoItaly
42%
Yekaterina Aidova | Abzal AzhgaliyevKaraganda | OralKazakhstan
42%
Aruwin Salehhuddin | Jeffrey Webb(not listed) | SelangorMalaysia
42%
Sarah Schleper | Donovan CarrilloGlenwood Springs* | ZapopanMexico
42%
Ariunsanaagiin Enkhtuul | Batmönkhiin Achbadrakh(not listed)Mongolia
42%
Marko VukićevićLjubljana*Serbia
42%
Wendy Holdener | Andres AmbühlUnteriberg | DavosSwitzerland
42%
Furkan Akar | Aysenur DumanErzurum | CamlidereTurkey
42%
Tina Garabedian | Mikayel MikayelyanLaval* | AshotskArmenia
33%
Zita Tóth | Márton Kékesi(not listed) | MiskolcHungary
33%
Doina Descalui(not listed)Moldova
33%
Olga Fatkulina | Vadim ShipachyovChelyabinsk | CherepovetsROC
33%
Raluca Strămăturaru | Paul PepeneSinaia | BrașovRomania
33%
Komiljon TukhtaevYangiabadUzbekistan
33%
Denni Xhepa(not listed)Albania
25%
Francesca Baruzzi | Franco Dal FarraBarilocheArgentina
25%
Charles Hamelin | Marie-Philip PoulinLévis | BeaucevilleCanada
25%
Richardson VianoLa Croix-des-MissionsHaiti
25%
Evgeni Krasnopolski | Noa SzollosKiev* | Budapest*Israel
25%
Ricardo Brancal | Vanina Guerillot(not listed) | Grenoble*Portugal
25%
Kellie Delka | William FlahertyBedford** | Cincinnati**Puerto Rico
25%
Fayik AbdiSan Diego*Saudi Arabia
25%
Queralt Castellet | Ander MirambellSabadell | CalellaSpain
25%
Karen Chanloung | Nicola ZanonAosta* | Cles*Thailand
25%
Maria Zdravkova | Radoslav YankovBerkovitsa | SmolyanBulgaria
17%
Sarah EscobarNew York City*Ecuador
17%
Carlos MäderCape CoastGhana
17%
Kiana Kryeziu | Albin Tahiri(not listed) | Slovenj Gradec*Kosovo
17%
Maksim GordeevKarakolKyrgyzstan
17%
Mialitiana Clerc | Mathieu NeumullerAmbohitrimanjaka | (not listed)Madagascar
17%
Jenise SpiteriRedwood City*Malta
17%
Seun AdigunChicago*Nigeria
17%
Nathan CrumptonNairobi*American Samoa
8%
Simon Breitfuss KammerlanderZams*Bolivia
8%
Shannon-Ogbnai AbedaFort McMurray*Eritrea
8%
Benjamin Alexander | Jazmine Fenlator-VictorianWellingborough* | Wayne*Jamaica
8%
Stefan Marxer(not listed)Liechtenstein
8%
Muhammad KarimGilgitPakistan
8%
Ornella Oettl ReyesMunich*Peru
8%
Yohan Goutt GoncalvesSuresnes*Timor-Leste
8%
Andre Marcano(not listed)Trinidad and Tobago
8%
Vladimir LitvintsevUkhta*Azerbaijan
0%
Yassine AouichIfraneMorocco
0%
Asa MillerPortland*Philippines
0%

Score Distribution

Percentile by Number Answered

Percent of People with Each Score

Your Score History

You have not taken this quiz